000 01342nam a22003617a 4500
003 CHAP
005 20220817044243.0
008 090212s2008 mx r 00010 spa d
010 _a95840
011 _a96812
035 _a107469
040 _cCHAP
090 _aTesis
100 1 _aGallardo Ramírez, Jaime.
_944362
245 1 0 _aPerfil de ácidos grasos y lípidos totales en carne de conejo, alimentados con dietas conteniendo semilla de linaza (Linum usitatissimum L.)
_c/por Gallardo Ramírez Jaime y Reyes Pacheco Edith
260 _aChapingo, Méx. :
_bEl autor,
_c2008
300 _ax, 73 h. :
_bgráfs., tablas
502 _aTesis (Ing. Agr. Esp. en Zootecnia) -- UACH. Departamento de Zootecnia
590 _aALEPH
_b10
_c20130110
_lUCH01
_h1527
590 _aBATCH-UPD
_b10
_c20130110
_lUCH01
_h0716
590 _aBATCH-UPD
_b10
_c20130410
_lUCH01
_h0401
590 _aBATCH-UPD
_b10
_c20130914
_lUCH01
_h0849
590 _aCONVERSION
_b10
_c20130109
_lUCH01
_h1353
650 1 4 _aÁcidos grasos.
650 1 4 _aCarne de conejo.
_919140
650 1 4 _aLinaza
_xSemilla.
_966920
650 1 4 _aLípidos.
_967487
700 1 _aReyes Pacheco, Edith
_996940
901 _aBK
942 _cFOLL
949 _aTesis
_bBC
_cTES
_d33724002085496
_eTS1
_h48837
_i107469
_sb
949 _aTesis
_bBC
_cTES
_d33724002085538
_eTS2
_fc..2
_h48838
_i107469
_sb
999 _c95840
_d95840